000 01635nam a22003734c 4500
001 195376
003 SpMaBN
005 20250320063055.0
008 230103s2022 sp a | |||| 000 pdspa
017 _aM 25438-2022
_bOficina Depósito Legal Madrid
020 _a9788418624919
040 _aSpMaBN
_bspa
_cSpMaBN
_erda
080 _a821.134.2-14"19"
100 _aIglesias Benítez, José,
_d1955-2020
_9236908
245 1 0 _aObras poéticas publicadas de José Iglesias Benítez :
_b(in memoriam) /
_crecopilación, Ricardo Hernández Megías ; prólogo, Pablo Jiménez García ; epílogo, Juan Carlos Rodríguez Búrdalo.
264 1 _aMadrid
_bBeturia Ediciones
_bLiber Factory,
_c2022
300 _a626 páginas :
_bilustraciones (blanco y negro) ;
_c24 cm
336 _aTexto
_2rdacontent
337 _asin mediación
_2rdamedia
338 _avolumen
_2rdacarrier
490 1 _aColección Personajes ilustres ;
_vnº 8
500 _aEn la página 4 de la cubierta: Diputación de Badajoz; Junta de Extremadura; FAECAM
504 _aBibliografía: páginas 625-626
655 7 _aPoesías líricas
_2tgfbne
_9236779
655 7 _aAntologías
_2tgfbne
_9176540
700 _aHernández Megías, Ricardo,
_d1948-
_9236909
830 _aColección Personajes ilustres
_9239853
852 _aES-MaACL
_cDEPOJ
_jN-8953
_xEncuadernación cartoné
_hDonación: Editorial
_9204825
942 _cMONOGRAFIA
_n0
999 _c195376
_d195376